| 000 | 00801nam a2200337Ia 4500 | ||
|---|---|---|---|
| 001 | 3035 | ||
| 008 | 191123s9999 xx 000 0 und d | ||
| 041 | _aspa | ||
| 044 | _aag | ||
| 100 | _aDukelsky de Cúneo, Cora | ||
| 260 |
_aBuenos Aires : _bCentro Editor de América Latina, _c1982. |
||
| 300 | _a16 p. | ||
| 504 | _aBibliografía pp. 16 | ||
| 650 | _aARGENTINA | ||
| 650 | _aBIOGRAFIAS | ||
| 650 | _aFILEVICH, CARLOS NORBERTO | ||
| 650 | _aGRABADOS | ||
| 650 | _aXILOGRAFIAS | ||
| 700 | _aTascherio de Zanet, Nancy, | ||
| 902 | _aM | ||
| 903 | _am | ||
| 904 | _am | ||
| 907 | _aImpreso | ||
| 911 | _aláminas b/n; 34 cm | ||
| 912 | _a1982 | ||
| 920 | _an. 91 | ||
| 942 | _cLIBRO | ||
| 999 |
_c2621 _d2621 |
||
| 490 | 0 | _aPintores Argentinos del Siglo XX | |
| 245 | 0 | _aFilevich. | |